10 Best Selling Video Games of 2000 - Statistics

General Stats
  • This quiz has been taken 7 times
  • The average score is 6 of 10
Answer Stats
Publisher Genre Answer % Correct
Activision Skateboarding Tony Hawk's Pro Skater
100%
Activision Skateboarding Tony Hawk's Pro Skater 2
100%
Rare FPS Perfect Dark
67%
Nintendo RPG Pokemon Gold/Silver
67%
Electronic Arts Simulation The Sims
67%
Blizzard Entertainment Action RPG Diablo II
50%
Electronic Arts Sports Madden NFL 2001
50%
Nintendo Strategy Pokemon Stadium
33%
Nintendo RPG Pokemon Yellow
17%
Nintendo Action Adventure The Legend of Zeld: Majora's Mask
17%
No matching quizzes found
Score Distribution
Percent of People with Each Score
Percentile by Number Answered
Your Score History
You have not taken this quiz